[Event "Gatineau Aylmer CC Hiver"]
[Site "Gatineau"]
[Date "2016.01.29"]
[Round "4"]
[White "Duquet, Akaiyan"]
[Black "Lamer, Alexandre"]
[Result "1-0"]
[WhiteElo "1208"]
[BlackElo "1051"]
[PlyCount "57"]
[EventDate "2016.01.08"]
[EventType "swiss"]
[EventRounds "6"]
[EventCountry "CAN"]
[SourceTitle "EXT 2022"]
[Source "ChessBase"]
[SourceDate "2021.10.06"]
[SourceVersion "1"]
[SourceVersionDate "2021.10.06"]
[SourceQuality "1"]

1. e4 e5 2. Nf3 Nc6 3. Bb5 Bb4 4. 0-0 Nf6 5. Re1 0-0 6. c3 Bc5 7. d4 Bb6 8. dxe5 d6 9. exf6 Qxf6 10. Bxc6 bxc6 11. e5 dxe5 12. Nbd2 Qd6 13. Nxe5 Qc5 14. Nd3 Qf5 15. Nc4 Be6 16. Nxb6 cxb6 17. Re5 Qg6 18. Rg5 Qe4 19. Re5 Qh4 20. Qf3 Bd5 21. Qf4 Qd8 22. Qg4 Qf6 23. Bg5 Qg6 24. Nf4 Rae8 25. Nxg6 f6 26. Rxe8 Rxe8 27. Nf4 Bc4 28. Bxf6 Bxa2 29. Qxg7# 1-0